| 000 | 01631nam0a2200373 4500 | ||
|---|---|---|---|
| 001 | RU\NLR\bibl\31654 | ||
| 005 | 20250615022709.0 | ||
| 010 |
_a5-288-02354-9 _9100 |
||
| 035 | _a(NLR Aleph) 000030840 | ||
| 090 |
_a154146 _c154146 |
||
| 100 | _a19990604d1999 |||y0rusy50 ca | ||
| 101 | 0 | _arus | |
| 102 | _aRU | ||
| 105 | _a||||||||||||| | ||
| 200 | 1 |
_aВремя в судьбе: святейший Сергий патриарх Московский и Всея Руси _eК вопр. о генезисе "сергианства" в рус. церков. традии ХХ в. _fС.Л. Фирсов _gС.-Петерб. гос. ун-т |
|
| 210 |
_aСПб. _cИзд-во СПбГУ _d1999 |
||
| 215 |
_a207 с. _cпортр. _d20 |
||
| 316 |
_a2-й экз. с автогр. авт. _5NLR |
||
| 320 | _aБиблиогр. в подстроч. прим. | ||
| 600 | 0 |
_aСергий _cСтрагородский, Иван Николаевич _f1867-1944 _92332813 _3RU\NLR\AUTH\6601618982 |
|
| 600 | 0 |
_aСергий _cСтарогородский, Иван Николаевич; патриарх Московский и всея Руси _f1867 - 1944 _92096776 _3RU\NLR\auth\661268573 |
|
| 686 | _aЭ372.24-372.2-028.2 | ||
| 700 | 1 |
_aФирсов _bС. Л. _gСергей Львович _4070 |
|
| 801 | 0 |
_aRU _bNLR _c19990604 _gPSBO |
|
| 801 | 1 |
_aRU _bNLR _c19990604 |
|
| 830 | _aАвт. по кн. | ||
| 852 |
_aNLR _j99-3/4644 |
||
| 942 | _cBOOK | ||
| 980 | _aNB | ||